| 000 | 00788nam a2200229 a 4500 | ||
|---|---|---|---|
| 001 | 000032983 | ||
| 003 | DO-SdBNP | ||
| 005 | 20250501120733.0 | ||
| 008 | 110805t1956 cl r 001 0 spa d | ||
| 040 |
_aDO-SdBNP _bspa _cBNPHU |
||
| 082 |
_a972.93053 _bG158e, 1956 |
||
| 100 | 1 |
_a Galíndez, Jesús de, _d1915-1956 _983901 |
|
| 245 | 1 | 3 |
_aLa era de Trujillo : _bun estudio casuístico de dictadura hispanoaméricana / _cJesús de Galíndez. |
| 250 | _a6ª ed. | ||
| 260 |
_aSantiago de Chile : _bDel Pacífico, _c1956. |
||
| 300 |
_a128 p. ; _c19 cm. |
||
| 590 | _aInventariado,2019/BT | ||
| 650 | 1 | 0 |
_aDemografía _945443 |
| 651 | 4 |
_aRepública Dominicana _xPolítica Y Gobierno _yERA DE TRUJILLO, 1930-1961 _91374 |
|
| 910 | _aValidado. Control de calidad. EMS | ||
| 942 |
_2ddc _cLBS1 |
||
| 999 |
_c32474 _d32474 |
||